Grace all the way : (Record no. 7778)

MARC details
000 -LEADER
fixed length control field 00605nam a22001577a 4500
003 - CONTROL NUMBER IDENTIFIER
control field GBCCL
005 - DATE AND TIME OF LATEST TRANSACTION
control field 20241126110636.0
008 - FIXED-LENGTH DATA ELEMENTS--GENERAL INFORMATION
fixed length control field 180920b ||||| |||| 00| 0 eng d
040 ## - CATALOGING SOURCE
Transcribing agency gbc
082 ## - DEWEY DECIMAL CLASSIFICATION NUMBER
Classification number 920
Item number KHA
245 ## - TITLE STATEMENT
Title Grace all the way :
Remainder of title A festschrift ( collection of articles, reminiscences, tributes and anecdotes ) in honour of Rev. Dr Kh, Khaizakham on his 70th birthday and in thanksgiving celebration of 44 years of his preaching ministry/
Statement of responsibility, etc. edited by Dino L.Touthang
260 ## - PUBLICATION, DISTRIBUTION, ETC.
Place of publication, distribution, etc. Lamka :
Name of publisher, distributor, etc. J Lhungdim ,
Date of publication, distribution, etc. 2018.
300 ## - PHYSICAL DESCRIPTION
Extent 186p. ;
650 ## - SUBJECT ADDED ENTRY--TOPICAL TERM
Topical term or geographic name entry element Khaizakham, Kh.
9 (RLIN) 13564
942 ## - ADDED ENTRY ELEMENTS (KOHA)
Source of classification or shelving scheme Dewey Decimal Classification
Koha item type Books
Holdings
Withdrawn status Lost status Source of classification or shelving scheme Damaged status Not for loan Home library Current Library Shelving location Date acquired Total checkouts Full call number Barcode Date last seen Copy number Price effective from Koha item type
    Dewey Decimal Classification     GRACE BIBLE COLLEGE GRACE BIBLE COLLEGE General Studies 2018-09-20   920 KHA 020009 2025-05-01 c.1 2018-09-20 Books
© Grace Bible College Library 2025